|
|
|
|
| LEADER |
02536nam a2200577 4500 |
| 001 |
ocn899211454 |
| 003 |
OCoLC |
| 005 |
20170124071327.8 |
| 006 |
m o d |
| 007 |
cr cnu|||unuuu |
| 008 |
150105t20152015gw a ob 001 0 eng d |
| 040 |
|
|
|a N$T
|b eng
|e rda
|e pn
|c N$T
|d EBLCP
|d IDEBK
|d N$T
|d E7B
|d COO
|d CN3GA
|d RECBK
|d OCLCF
|d DEBSZ
|d U3W
|d DG1
|d TEFOD
|d YDXCP
|d OCLCQ
|d DEBBG
|d GrThAP
|
| 019 |
|
|
|a 903573396
|
| 020 |
|
|
|a 9783527655182
|q (electronic bk.)
|
| 020 |
|
|
|a 3527655182
|q (electronic bk.)
|
| 020 |
|
|
|a 9783527655212
|q (electronic bk.)
|
| 020 |
|
|
|a 3527655212
|q (electronic bk.)
|
| 020 |
|
|
|a 9783527655205
|q (electronic bk.)
|
| 020 |
|
|
|a 3527655204
|q (electronic bk.)
|
| 020 |
|
|
|z 9783527407156
|
| 020 |
|
|
|z 3527407154
|
| 020 |
|
|
|z 9781322570297
|
| 020 |
|
|
|z 1322570299
|
| 029 |
1 |
|
|a DEBSZ
|b 43189745X
|
| 029 |
1 |
|
|a GBVCP
|b 856571415
|
| 029 |
1 |
|
|a DEBBG
|b BV043397420
|
| 035 |
|
|
|a (OCoLC)899211454
|z (OCoLC)903573396
|
| 037 |
|
|
|a 5037567D-B468-4463-BC6A-C690B18FB8BD
|b OverDrive, Inc.
|n http://www.overdrive.com
|
| 050 |
|
4 |
|a QB838
|b .C38 2015eb
|
| 072 |
|
7 |
|a SCI
|x 004000
|2 bisacsh
|
| 082 |
0 |
4 |
|a 523.8/4425
|2 23
|
| 049 |
|
|
|a MAIN
|
| 100 |
1 |
|
|a Catelan, Márcio,
|e author.
|
| 245 |
1 |
0 |
|a Pulsating Stars /
|c Márcio Catelan and Horace A. Smith.
|
| 264 |
|
1 |
|a Weinheim [Germany] :
|b Wiley-VCH,
|c [2015]
|
| 264 |
|
4 |
|c ©2015
|
| 300 |
|
|
|a 1 online resource :
|b illustrations (some color)
|
| 336 |
|
|
|a text
|b txt
|2 rdacontent
|
| 337 |
|
|
|a computer
|b c
|2 rdamedia
|
| 338 |
|
|
|a online resource
|b cr
|2 rdacarrier
|
| 504 |
|
|
|a Includes bibliographical references and index.
|
| 588 |
0 |
|
|a Online resource; title from PDF title page (EBSCO, viewed February 23, 2015).
|
| 505 |
0 |
|
|a Historical overview -- Fundamentals of stellar variability observations -- Classification of variable stars -- Stellar structure and evolution theory -- Stellar pulsation theory -- RR Lyrae stars -- Cepheid and related variable stars -- Red variable stars -- Pulsating stars close to the lower main sequence in the H-R diagram -- Pulsating stars close to the upper main sequence in the H-R diagram -- Pulsating supergiant stars -- Hot subdwarf pulsators -- Pulsating degenerate stars.
|
| 650 |
|
0 |
|a Pulsating stars.
|
| 650 |
|
7 |
|a SCIENCE
|x Astronomy.
|2 bisacsh
|
| 650 |
|
7 |
|a Pulsating stars.
|2 fast
|0 (OCoLC)fst01083917
|
| 655 |
|
4 |
|a Electronic books.
|
| 655 |
|
0 |
|a Electronic books.
|
| 700 |
1 |
|
|a Smith, Horace A.,
|e author.
|
| 856 |
4 |
0 |
|u https://doi.org/10.1002/9783527655182
|z Full Text via HEAL-Link
|
| 994 |
|
|
|a 92
|b DG1
|